[Event "DEM U10 2021"]
[Site "Willingen GER"]
[Date "2021.08.28"]
[Round "10"]
[White "Shen, Tingrui"]
[Black "Glöckler, Christian"]
[Result "1-0"]
[Termination "normal"]
[Board "1"]
[WhiteElo "1508"]
[BlackElo "1581"]
[WhiteClock "00:04:20"]
[BlackClock "01:09:11"]
[PlyCount "103"]
[WhiteFideId "34603441"]
[BlackFideId "34608966"]
[EventCountry "GER"]
[EventRounds "11"]
[EventType "swiss"]
[EventDate "2021.08.22"]

1. e4 {[%clk 01:15:51]} {[%emt 00:00:08]} c6 {[%clk 01:15:57]} {[%emt
00:00:05]} 2. c4 {[%clk 01:15:53]} {[%emt 00:00:27]} d5 {[%clk 01:16:21]}
{[%emt 00:00:05]} 3. cxd5 {[%clk 01:15:50]} {[%emt 00:00:35]} cxd5 {[%clk
01:16:47]} {[%emt 00:00:03]} 4. exd5 {[%clk 01:15:16]} {[%emt 00:01:03]} Nf6
{[%clk 01:17:14]} {[%emt 00:00:04]} 5. Qa4+ {[%clk 01:14:51]} {[%emt 00:00:55]}
Nbd7 {[%clk 01:17:40]} {[%emt 00:00:04]} 6. Nc3 {[%clk 01:13:45]} {[%emt
00:01:36]} g6 {[%clk 01:18:07]} {[%emt 00:00:03]} 7. g3 {[%clk 01:11:59]}
{[%emt 00:02:15]} Bg7 {[%clk 01:18:29]} {[%emt 00:00:09]} 8. Bg2 {[%clk
01:11:50]} {[%emt 00:00:38]} O-O {[%clk 01:18:55]} {[%emt 00:00:06]} 9. Nge2
{[%clk 01:11:16]} {[%emt 00:01:03]} a6 {[%clk 01:19:06]} {[%emt 00:00:20]} 10.
O-O {[%clk 01:10:38]} {[%emt 00:01:06]} b5 {[%clk 01:19:34]} {[%emt 00:00:04]}
11. Qb4 {[%clk 01:03:55]} {[%emt 00:07:13]} Rb8 {[%clk 01:19:59]} {[%emt
00:00:06]} 12. Nd4 {[%clk 01:01:53]} {[%emt 00:02:31]} a5 {[%clk 01:20:11]}
{[%emt 00:00:18]} 13. Qb3 {[%clk 01:01:21]} {[%emt 00:01:00]} Nc5 {[%clk
01:20:33]} {[%emt 00:00:09]} 14. Qc2 {[%clk 01:01:01]} {[%emt 00:00:50]} Bd7
{[%clk 01:20:20]} {[%emt 00:00:45]} 15. Nc6 {[%clk 01:00:15]} {[%emt 00:01:15]}
Bxc6 {[%clk 01:20:47]} {[%emt 00:00:02]} 16. dxc6 {[%clk 01:00:11]} {[%emt
00:00:33]} Rb6 {[%clk 01:20:53]} {[%emt 00:00:25]} 17. d4 {[%clk 00:56:00]}
{[%emt 00:04:40]} Na6 {[%clk 01:20:30]} {[%emt 00:00:55]} 18. a3 {[%clk
00:53:27]} {[%emt 00:03:02]} e6 {[%clk 01:20:08]} {[%emt 00:00:53]} 19. h3
{[%clk 00:50:52]} {[%emt 00:03:03]} Ne8 {[%clk 01:20:00]} {[%emt 00:00:39]} 20.
Be3 {[%clk 00:47:34]} {[%emt 00:03:46]} Rb8 {[%clk 01:20:19]} {[%emt 00:00:13]}
21. Rfd1 {[%clk 00:44:29]} {[%emt 00:03:34]} Nd6 {[%clk 01:20:30]} {[%emt
00:00:20]} 22. d5 {[%clk 00:43:22]} {[%emt 00:01:35]} e5 {[%clk 01:19:06]}
{[%emt 00:01:55]} 23. Ne2 {[%clk 00:36:13]} {[%emt 00:07:38]} f5 {[%clk
01:19:00]} {[%emt 00:00:37]} 24. f4 {[%clk 00:34:51]} {[%emt 00:01:53]} Re8
{[%clk 01:18:52]} {[%emt 00:00:38]} 25. fxe5 {[%clk 00:30:52]} {[%emt
00:04:29]} Bxe5 {[%clk 01:19:02]} {[%emt 00:00:20]} 26. Bd4 {[%clk 00:28:08]}
{[%emt 00:03:13]} Qg5 {[%clk 01:18:43]} {[%emt 00:00:50]} 27. Bxe5 {[%clk
00:25:51]} {[%emt 00:02:47]} Rxe5 {[%clk 01:18:46]} {[%emt 00:00:26]} 28. Kh2
{[%clk 00:24:36]} {[%emt 00:01:43]} Re3 {[%clk 01:18:09]} {[%emt 00:01:09]} 29.
Rd3 {[%clk 00:23:44]} {[%emt 00:01:21]} Rbe8 {[%clk 01:17:34]} {[%emt
00:01:06]} 30. Rxe3 {[%clk 00:19:39]} {[%emt 00:04:36]} Rxe3 {[%clk 01:16:51]}
{[%emt 00:01:13]} 31. c7 {[%clk 00:18:26]} {[%emt 00:01:42]} Nc8 {[%clk
01:16:12]} {[%emt 00:01:09]} 32. d6 {[%clk 00:15:27]} {[%emt 00:03:29]} Nxd6
{[%clk 01:16:31]} {[%emt 00:00:12]} 33. c8=Q+ {[%clk 00:15:23]} {[%emt
00:00:33]} Nxc8 {[%clk 01:16:53]} {[%emt 00:00:07]} 34. Qxc8+ {[%clk 00:15:24]}
{[%emt 00:00:29]} Kg7 {[%clk 01:17:20]} {[%emt 00:00:04]} 35. Qxa6 {[%clk
00:13:56]} {[%emt 00:01:58]} Rxe2 {[%clk 01:15:43]} {[%emt 00:02:07]} 36. Qxb5
{[%clk 00:12:32]} {[%emt 00:01:54]} Re3 {[%clk 01:15:32]} {[%emt 00:00:40]} 37.
Qd7+ {[%clk 00:12:03]} {[%emt 00:01:00]} Kg8 {[%clk 01:15:10]} {[%emt
00:00:51]} 38. Qd6 {[%clk 00:11:05]} {[%emt 00:01:28]} Re2 {[%clk 01:14:23]}
{[%emt 00:01:18]} 39. b4 {[%clk 00:09:48]} {[%emt 00:01:47]} Qe3 {[%clk
01:14:31]} {[%emt 00:00:22]} 40. Qd5+ {[%clk 00:08:31]} {[%emt 00:01:47]} Kg7
{[%clk 01:13:35]} {[%emt 00:01:26]} 41. bxa5 {[%clk 00:07:10]} {[%emt
00:01:49]} f4 {[%clk 01:13:31]} {[%emt 00:00:35]} 42. gxf4 {[%clk 00:06:42]}
{[%emt 00:00:58]} Qxf4+ {[%clk 01:13:39]} {[%emt 00:00:23]} 43. Kh1 {[%clk
00:06:41]} {[%emt 00:00:29]} Qc7 {[%clk 01:10:50]} {[%emt 00:03:20]} 44. Rd1
{[%clk 00:06:17]} {[%emt 00:00:53]} Qc2 {[%clk 01:10:27]} {[%emt 00:00:53]} 45.
Rf1 {[%clk 00:04:39]} {[%emt 00:02:09]} Qc7 {[%clk 01:09:34]} {[%emt 00:01:24]}
46. Qb7 {[%clk 00:04:45]} {[%emt 00:00:25]} Qxb7 {[%clk 01:08:48]} {[%emt
00:01:16]} 47. Bxb7 {[%clk 00:05:03]} {[%emt 00:00:11]} Ra2 {[%clk 01:09:11]}
{[%emt 00:00:07]} 48. Rf3 {[%clk 00:04:44]} {[%emt 00:00:49]} Ra1+ {[%clk
01:09:03]} {[%emt 00:00:39]} 49. Kh2 {[%clk 00:04:59]} {[%emt 00:00:13]} Ra2+
{[%clk 01:09:15]} {[%emt 00:00:20]} 50. Kg3 {[%clk 00:05:17]} {[%emt 00:00:12]}
h5 {[%clk 01:08:55]} {[%emt 00:00:50]} 51. a6 {[%clk 00:04:26]} {[%emt
00:01:20]} g5 {[%clk 01:09:11]} {[%emt 00:00:14]} 52. h4 {[%clk 00:04:20]}
{[%emt 00:00:36]} 1-0

[Event "DEM U10 2021"]
[Site "Willingen GER"]
[Date "2021.08.28"]
[Round "10"]
[White "Buchinger, Alexis"]
[Black "Polzin, Gustav"]
[Result "1-0"]
[Termination "normal"]
[Board "2"]
[WhiteElo "1578"]
[BlackElo "1618"]
[WhiteClock "01:02:24"]
[BlackClock "01:01:20"]
[PlyCount "45"]
[WhiteFideId "16287134"]
[BlackFideId "34603280"]
[EventCountry "GER"]
[EventRounds "11"]
[EventType "swiss"]
[EventDate "2021.08.22"]

1. e4 {[%clk 01:15:58]} {[%emt 00:00:03]} e5 {[%clk 01:15:53]} {[%emt
00:00:07]} 2. Nf3 {[%clk 01:16:22]} {[%emt 00:00:06]} Nc6 {[%clk 01:16:14]}
{[%emt 00:00:08]} 3. Bc4 {[%clk 01:16:34]} {[%emt 00:00:18]} Nf6 {[%clk
01:16:35]} {[%emt 00:00:07]} 4. d3 {[%clk 01:16:53]} {[%emt 00:00:13]} h6
{[%clk 01:16:53]} {[%emt 00:00:12]} 5. O-O {[%clk 01:16:29]} {[%emt 00:00:54]}
g5 {[%clk 01:16:29]} {[%emt 00:00:54]} 6. d4 {[%clk 01:13:01]} {[%emt
00:03:58]} g4 {[%clk 01:16:04]} {[%emt 00:00:56]} 7. Nxe5 {[%clk 01:13:09]}
{[%emt 00:00:21]} Nxe5 {[%clk 01:10:36]} {[%emt 00:05:57]} 8. dxe5 {[%clk
01:13:31]} {[%emt 00:00:09]} Ng8 {[%clk 01:09:22]} {[%emt 00:01:44]} 9. f3
{[%clk 01:11:37]} {[%emt 00:02:25]} g3 {[%clk 01:06:59]} {[%emt 00:02:52]} 10.
Qd4 {[%clk 01:05:03]} {[%emt 00:07:03]} b6 {[%clk 01:04:25]} {[%emt 00:03:06]}
11. Qd5 {[%clk 01:03:10]} {[%emt 00:02:22]} Bc5+ {[%clk 01:04:18]} {[%emt
00:00:38]} 12. Kh1 {[%clk 01:01:46]} {[%emt 00:01:54]} Qh4 {[%clk 01:04:13]}
{[%emt 00:00:35]} 13. h3 {[%clk 00:59:53]} {[%emt 00:02:23]} d6 {[%clk
01:01:37]} {[%emt 00:03:07]} 14. Qxf7+ {[%clk 00:59:22]} {[%emt 00:01:00]} Kd8
{[%clk 01:01:51]} {[%emt 00:00:18]} 15. Qf8+ {[%clk 00:59:46]} {[%emt
00:00:06]} Kd7 {[%clk 01:01:24]} {[%emt 00:00:57]} 16. e6+ {[%clk 01:00:09]}
{[%emt 00:00:07]} Kc6 {[%clk 01:01:04]} {[%emt 00:00:50]} 17. Bd5+ {[%clk
01:00:33]} {[%emt 00:00:05]} Kb5 {[%clk 01:01:19]} {[%emt 00:00:15]} 18. Qe8+
{[%clk 01:00:55]} {[%emt 00:00:08]} Ka5 {[%clk 01:00:31]} {[%emt 00:01:18]} 19.
Bd2+ {[%clk 01:01:18]} {[%emt 00:00:06]} Bb4 {[%clk 01:00:36]} {[%emt
00:00:25]} 20. Bxb4+ {[%clk 01:01:44]} {[%emt 00:00:04]} Kxb4 {[%clk 01:00:46]}
{[%emt 00:00:20]} 21. c3+ {[%clk 01:02:06]} {[%emt 00:00:09]} Ka5 {[%clk
01:00:56]} {[%emt 00:00:20]} 22. b4+ {[%clk 01:02:30]} {[%emt 00:00:05]} Ka6
{[%clk 01:01:20]} {[%emt 00:00:06]} 23. Qa4# {[%clk 01:02:24]} {[%emt
00:00:05]} 1-0

[Event "DEM U10 2021"]
[Site "Willingen GER"]
[Date "2021.08.28"]
[Round "10"]
[White "Herrmann, Arthur"]
[Black "Rau, Eduard"]
[Result "1-0"]
[Termination "normal"]
[Board "3"]
[WhiteElo "1191"]
[BlackElo "1276"]
[WhiteClock "00:43:41"]
[BlackClock "01:02:08"]
[PlyCount "63"]
[WhiteFideId "16287150"]
[BlackFideId "16287231"]
[EventCountry "GER"]
[EventRounds "11"]
[EventType "swiss"]
[EventDate "2021.08.22"]

1. e4 {[%clk 01:15:58]} {[%emt 00:00:02]} e5 {[%clk 01:15:58]} {[%emt
00:00:02]} 2. Nf3 {[%clk 01:16:22]} {[%emt 00:00:05]} Nc6 {[%clk 01:16:25]}
{[%emt 00:00:04]} 3. Bb5 {[%clk 01:16:46]} {[%emt 00:00:05]} Nd4 {[%clk
01:16:52]} {[%emt 00:00:03]} 4. Nxd4 {[%clk 01:17:05]} {[%emt 00:00:12]} exd4
{[%clk 01:17:22]} {[%emt 00:00:01]} 5. O-O {[%clk 01:17:23]} {[%emt 00:00:11]}
Bc5 {[%clk 01:17:49]} {[%emt 00:00:02]} 6. d3 {[%clk 01:17:41]} {[%emt
00:00:12]} c6 {[%clk 01:18:15]} {[%emt 00:00:05]} 7. Ba4 {[%clk 01:18:01]}
{[%emt 00:00:10]} d6 {[%clk 01:18:42]} {[%emt 00:00:02]} 8. c3 {[%clk
01:17:15]} {[%emt 00:01:16]} Ne7 {[%clk 01:18:46]} {[%emt 00:00:26]} 9. Bg5
{[%clk 01:16:26]} {[%emt 00:01:18]} O-O {[%clk 01:19:02]} {[%emt 00:00:15]} 10.
Nd2 {[%clk 01:15:50]} {[%emt 00:01:05]} Be6 {[%clk 01:19:14]} {[%emt 00:00:19]}
11. Re1 {[%clk 01:11:21]} {[%emt 00:04:59]} f6 {[%clk 01:18:15]} {[%emt
00:01:30]} 12. Bh4 {[%clk 01:10:53]} {[%emt 00:00:57]} Ng6 {[%clk 01:18:26]}
{[%emt 00:00:17]} 13. Bg3 {[%clk 01:10:54]} {[%emt 00:00:30]} Ne5 {[%clk
01:18:44]} {[%emt 00:00:13]} 14. Bb3 {[%clk 01:06:12]} {[%emt 00:05:11]} Qe7
{[%clk 01:18:47]} {[%emt 00:00:28]} 15. Nf3 {[%clk 01:04:39]} {[%emt 00:02:03]}
Bxb3 {[%clk 01:17:28]} {[%emt 00:01:49]} 16. Qxb3+ {[%clk 01:04:20]} {[%emt
00:00:49]} Kh8 {[%clk 01:17:53]} {[%emt 00:00:04]} 17. Nxd4 {[%clk 01:03:05]}
{[%emt 00:01:46]} Nxd3 {[%clk 01:17:44]} {[%emt 00:00:40]} 18. Re3 {[%clk
01:01:30]} {[%emt 00:02:03]} Ne5 {[%clk 01:17:57]} {[%emt 00:00:19]} 19. h3
{[%clk 00:59:58]} {[%emt 00:02:01]} a5 {[%clk 01:17:54]} {[%emt 00:00:33]} 20.
a4 {[%clk 00:58:45]} {[%emt 00:01:43]} Rae8 {[%clk 01:17:40]} {[%emt 00:00:44]}
21. Rd1 {[%clk 00:53:44]} {[%emt 00:05:29]} g6 {[%clk 01:17:10]} {[%emt
00:01:03]} 22. f4 {[%clk 00:51:57]} {[%emt 00:02:17]} Nd7 {[%clk 01:15:57]}
{[%emt 00:01:42]} 23. Rde1 {[%clk 00:47:41]} {[%emt 00:04:46]} Nb6 {[%clk
01:15:13]} {[%emt 00:01:15]} 24. Bf2 {[%clk 00:46:36]} {[%emt 00:01:34]} Qf7
{[%clk 01:12:45]} {[%emt 00:02:58]} 25. Qxf7 {[%clk 00:45:18]} {[%emt
00:01:49]} Rxf7 {[%clk 01:08:32]} {[%emt 00:04:43]} 26. b3 {[%clk 00:44:59]}
{[%emt 00:00:49]} f5 {[%clk 01:07:35]} {[%emt 00:01:27]} 27. exf5 {[%clk
00:43:51]} {[%emt 00:01:38]} Rxe3 {[%clk 01:08:00]} {[%emt 00:00:06]} 28. Rxe3
{[%clk 00:44:01]} {[%emt 00:00:19]} Bxd4 {[%clk 01:01:23]} {[%emt 00:07:08]}
29. Re8+ {[%clk 00:44:09]} {[%emt 00:00:22]} Kg7 {[%clk 01:01:36]} {[%emt
00:00:16]} 30. Bxd4+ {[%clk 00:44:17]} {[%emt 00:00:23]} Kh6 {[%clk 01:01:43]}
{[%emt 00:00:23]} 31. Bxb6 {[%clk 00:44:07]} {[%emt 00:00:40]} Rxf5 {[%clk
01:02:08]} {[%emt 00:00:05]} 32. Re7 {[%clk 00:43:41]} {[%emt 00:00:54]} 1-0

[Event "DEM U10 2021"]
[Site "Willingen GER"]
[Date "2021.08.28"]
[Round "10"]
[White "Sydykov, Bayastan"]
[Black "Sajka, Noah"]
[Result "0-1"]
[Termination "normal"]
[Board "4"]
[WhiteElo "1209"]
[BlackElo "1402"]
[WhiteClock "00:47:18"]
[BlackClock "00:14:54"]
[PlyCount "180"]
[WhiteFideId "13829610"]
[BlackFideId "34608192"]
[EventCountry "GER"]
[EventRounds "11"]
[EventType "swiss"]
[EventDate "2021.08.22"]

1. e4 {[%clk 01:15:58]} {[%emt 00:00:02]} c5 {[%clk 01:15:47]} {[%emt
00:00:13]} 2. Nf3 {[%clk 01:16:20]} {[%emt 00:00:06]} Nc6 {[%clk 01:15:53]}
{[%emt 00:00:24]} 3. Bb5 {[%clk 01:16:42]} {[%emt 00:00:07]} e6 {[%clk
01:16:03]} {[%emt 00:00:21]} 4. O-O {[%clk 01:16:47]} {[%emt 00:00:25]} Nge7
{[%clk 01:16:04]} {[%emt 00:00:28]} 5. d4 {[%clk 01:16:13]} {[%emt 00:01:05]}
cxd4 {[%clk 01:15:17]} {[%emt 00:01:17]} 6. Nxd4 {[%clk 01:16:20]} {[%emt
00:00:23]} a6 {[%clk 01:14:03]} {[%emt 00:01:43]} 7. Ba4 {[%clk 01:15:24]}
{[%emt 00:01:27]} b5 {[%clk 01:13:08]} {[%emt 00:01:25]} 8. Bb3 {[%clk
01:15:27]} {[%emt 00:00:26]} Nxd4 {[%clk 01:12:52]} {[%emt 00:00:46]} 9. Qxd4
{[%clk 01:15:46]} {[%emt 00:00:11]} Nc6 {[%clk 01:12:47]} {[%emt 00:00:35]} 10.
Qd3 {[%clk 01:15:15]} {[%emt 00:01:01]} Bb7 {[%clk 01:10:18]} {[%emt 00:02:59]}
11. Nc3 {[%clk 01:14:36]} {[%emt 00:01:09]} Be7 {[%clk 01:05:32]} {[%emt
00:05:16]} 12. Be3 {[%clk 01:12:41]} {[%emt 00:02:26]} Qc7 {[%clk 00:58:32]}
{[%emt 00:07:29]} 13. f4 {[%clk 01:12:33]} {[%emt 00:00:39]} O-O {[%clk
00:57:16]} {[%emt 00:01:45]} 14. f5 {[%clk 01:12:20]} {[%emt 00:00:45]} Rac8
{[%clk 00:51:32]} {[%emt 00:06:14]} 15. Bf4 {[%clk 01:11:10]} {[%emt 00:01:39]}
Ne5 {[%clk 00:49:11]} {[%emt 00:02:52]} 16. Qg3 {[%clk 01:10:16]} {[%emt
00:01:21]} Qb6+ {[%clk 00:48:31]} {[%emt 00:01:11]} 17. Be3 {[%clk 01:09:55]}
{[%emt 00:00:52]} Bc5 {[%clk 00:48:03]} {[%emt 00:00:57]} 18. Bxc5 {[%clk
01:09:54]} {[%emt 00:00:31]} Qxc5+ {[%clk 00:48:16]} {[%emt 00:00:19]} 19. Kh1
{[%clk 01:09:47]} {[%emt 00:00:35]} b4 {[%clk 00:44:29]} {[%emt 00:04:17]} 20.
Na4 {[%clk 01:08:47]} {[%emt 00:01:29]} Qc7 {[%clk 00:43:49]} {[%emt 00:01:11]}
21. Nb6 {[%clk 01:08:44]} {[%emt 00:00:34]} Qxb6 {[%clk 00:43:08]} {[%emt
00:01:11]} 22. Qxe5 {[%clk 01:09:01]} {[%emt 00:00:12]} Qc5 {[%clk 00:42:28]}
{[%emt 00:01:03]} 23. Qf4 {[%clk 01:08:38]} {[%emt 00:01:00]} Qd4 {[%clk
00:40:40]} {[%emt 00:02:19]} 24. Rfe1 {[%clk 01:07:38]} {[%emt 00:01:28]} Bc6
{[%clk 00:35:34]} {[%emt 00:05:38]} 25. Rad1 {[%clk 01:06:10]} {[%emt
00:01:57]} Qf6 {[%clk 00:34:30]} {[%emt 00:01:35]} 26. Rd6 {[%clk 01:05:50]}
{[%emt 00:00:50]} Qxb2 {[%clk 00:31:09]} {[%emt 00:03:51]} 27. e5 {[%clk
01:04:05]} {[%emt 00:02:13]} exf5 {[%clk 00:30:27]} {[%emt 00:01:14]} 28. Qxb4
{[%clk 01:03:48]} {[%emt 00:00:46]} Rb8 {[%clk 00:21:28]} {[%emt 00:09:30]} 29.
Qf4 {[%clk 01:02:55]} {[%emt 00:01:22]} Be4 {[%clk 00:20:26]} {[%emt 00:01:34]}
30. Rxd7 {[%clk 01:02:22]} {[%emt 00:01:01]} Rbe8 {[%clk 00:19:09]} {[%emt
00:01:47]} 31. Qd2 {[%clk 00:59:19]} {[%emt 00:03:28]} Qxe5 {[%clk 00:18:32]}
{[%emt 00:01:12]} 32. Rg1 {[%clk 00:58:33]} {[%emt 00:01:12]} f4 {[%clk
00:17:06]} {[%emt 00:02:02]} 33. Bc4 {[%clk 00:57:08]} {[%emt 00:01:54]} Qf5
{[%clk 00:14:22]} {[%emt 00:03:14]} 34. Rd4 {[%clk 00:56:04]} {[%emt 00:01:34]}
f3 {[%clk 00:14:13]} {[%emt 00:00:38]} 35. Rxe4 {[%clk 00:55:54]} {[%emt
00:00:41]} Qxe4 {[%clk 00:14:15]} {[%emt 00:00:29]} 36. Bf1 {[%clk 00:54:24]}
{[%emt 00:02:00]} Qe3 {[%clk 00:13:05]} {[%emt 00:01:40]} 37. Qxe3 {[%clk
00:54:29]} {[%emt 00:00:24]} Rxe3 {[%clk 00:13:29]} {[%emt 00:00:06]} 38. gxf3
{[%clk 00:54:49]} {[%emt 00:00:11]} a5 {[%clk 00:13:21]} {[%emt 00:00:37]} 39.
Kg2 {[%clk 00:53:39]} {[%emt 00:01:40]} Ra3 {[%clk 00:13:05]} {[%emt 00:00:46]}
40. Bc4 {[%clk 00:53:51]} {[%emt 00:00:18]} Rc8 {[%clk 00:13:18]} {[%emt
00:00:16]} 41. Rd1 {[%clk 00:54:00]} {[%emt 00:00:21]} h6 {[%clk 00:13:24]}
{[%emt 00:00:26]} 42. Rd4 {[%clk 00:54:10]} {[%emt 00:00:20]} a4 {[%clk
00:12:47]} {[%emt 00:01:07]} 43. Kg3 {[%clk 00:53:55]} {[%emt 00:00:46]} g6
{[%clk 00:12:01]} {[%emt 00:01:15]} 44. Kf4 {[%clk 00:53:16]} {[%emt 00:01:09]}
Rc5 {[%clk 00:11:44]} {[%emt 00:00:47]} 45. h4 {[%clk 00:52:02]} {[%emt
00:01:44]} Rf5+ {[%clk 00:11:49]} {[%emt 00:00:26]} 46. Kg3 {[%clk 00:51:13]}
{[%emt 00:01:19]} Raxf3+ {[%clk 00:11:54]} {[%emt 00:00:25]} 47. Kg2 {[%clk
00:46:47]} {[%emt 00:04:54]} R3f4 {[%clk 00:11:33]} {[%emt 00:00:52]} 48. Rd8+
{[%clk 00:46:31]} {[%emt 00:00:47]} Kg7 {[%clk 00:10:13]} {[%emt 00:01:50]} 49.
Bd3 {[%clk 00:46:06]} {[%emt 00:00:55]} Rh5 {[%clk 00:09:58]} {[%emt 00:00:40]}
50. Ra8 {[%clk 00:44:02]} {[%emt 00:02:39]} Rhxh4 {[%clk 00:09:33]} {[%emt
00:00:55]} 51. Be2 {[%clk 00:43:57]} {[%emt 00:00:35]} Rb4 {[%clk 00:09:31]}
{[%emt 00:00:31]} 52. Rc8 {[%clk 00:43:41]} {[%emt 00:00:46]} Rhe4 {[%clk
00:09:08]} {[%emt 00:00:51]} 53. Bd3 {[%clk 00:44:00]} {[%emt 00:00:14]} Re7
{[%clk 00:09:29]} {[%emt 00:00:08]} 54. Bc4 {[%clk 00:43:41]} {[%emt 00:00:49]}
h5 {[%clk 00:09:12]} {[%emt 00:00:46]} 55. a3 {[%clk 00:44:04]} {[%emt
00:00:08]} Rb2 {[%clk 00:09:05]} {[%emt 00:00:36]} 56. Bd3 {[%clk 00:44:14]}
{[%emt 00:00:20]} Ra2 {[%clk 00:08:44]} {[%emt 00:00:50]} 57. Rc3 {[%clk
00:43:13]} {[%emt 00:01:32]} f6 {[%clk 00:08:59]} {[%emt 00:00:16]} 58. Bb5
{[%clk 00:43:05]} {[%emt 00:00:37]} Ra7 {[%clk 00:08:48]} {[%emt 00:00:41]} 59.
Kf2 {[%clk 00:43:16]} {[%emt 00:00:20]} g5 {[%clk 00:09:05]} {[%emt 00:00:13]}
60. Ke2 {[%clk 00:43:31]} {[%emt 00:00:15]} Ra1 {[%clk 00:09:16]} {[%emt
00:00:18]} 61. Kd2 {[%clk 00:43:13]} {[%emt 00:00:49]} h4 {[%clk 00:08:57]}
{[%emt 00:00:47]} 62. Rh3 {[%clk 00:43:11]} {[%emt 00:00:33]} f5 {[%clk
00:09:00]} {[%emt 00:00:26]} 63. c4 {[%clk 00:43:30]} {[%emt 00:00:14]} Kf6
{[%clk 00:08:52]} {[%emt 00:00:36]} 64. c5 {[%clk 00:43:38]} {[%emt 00:00:23]}
Ra5 {[%clk 00:09:11]} {[%emt 00:00:10]} 65. Bc6 {[%clk 00:43:23]} {[%emt
00:00:46]} Rxc5 {[%clk 00:09:25]} {[%emt 00:00:15]} 66. Bxa4 {[%clk 00:43:43]}
{[%emt 00:00:10]} Ra5 {[%clk 00:09:50]} {[%emt 00:00:06]} 67. Bc2 {[%clk
00:43:46]} {[%emt 00:00:28]} R5xa3 {[%clk 00:10:00]} {[%emt 00:00:20]} 68. Bd3
{[%clk 00:43:19]} {[%emt 00:00:56]} Ra8 {[%clk 00:09:39]} {[%emt 00:00:50]} 69.
Rf3 {[%clk 00:43:33]} {[%emt 00:00:15]} f4 {[%clk 00:09:44]} {[%emt 00:00:27]}
70. Be4 {[%clk 00:43:31]} {[%emt 00:00:33]} R8a2+ {[%clk 00:09:52]} {[%emt
00:00:22]} 71. Kc3 {[%clk 00:42:56]} {[%emt 00:01:05]} Ra3+ {[%clk 00:10:09]}
{[%emt 00:00:12]} 72. Kd4 {[%clk 00:43:19]} {[%emt 00:00:08]} Rxf3 {[%clk
00:10:30]} {[%emt 00:00:10]} 73. Bxf3 {[%clk 00:43:46]} {[%emt 00:00:02]} Ra4+
{[%clk 00:10:44]} {[%emt 00:00:15]} 74. Kc5 {[%clk 00:42:34]} {[%emt 00:01:40]}
Kf5 {[%clk 00:10:43]} {[%emt 00:00:31]} 75. Bd1 {[%clk 00:42:32]} {[%emt
00:00:35]} Ra1 {[%clk 00:10:29]} {[%emt 00:00:45]} 76. Bc2 {[%clk 00:42:41]}
{[%emt 00:00:20]} Ke5 {[%clk 00:10:31]} {[%emt 00:00:27]} 77. Bd3 {[%clk
00:42:55]} {[%emt 00:00:17]} h3 {[%clk 00:10:50]} {[%emt 00:00:11]} 78. Be2
{[%clk 00:43:10]} {[%emt 00:00:14]} h2 {[%clk 00:11:01]} {[%emt 00:00:19]} 79.
Bf3 {[%clk 00:43:36]} {[%emt 00:00:05]} h1=Q {[%clk 00:11:18]} {[%emt
00:00:11]} 80. Bxh1 {[%clk 00:43:58]} {[%emt 00:00:09]} Rxh1 {[%clk 00:11:43]}
{[%emt 00:00:05]} 81. Kc4 {[%clk 00:44:20]} {[%emt 00:00:08]} Ke4 {[%clk
00:12:07]} {[%emt 00:00:06]} 82. Kc5 {[%clk 00:44:42]} {[%emt 00:00:08]} f3
{[%clk 00:12:31]} {[%emt 00:00:05]} 83. Kc4 {[%clk 00:45:07]} {[%emt 00:00:05]}
f2 {[%clk 00:12:58]} {[%emt 00:00:03]} 84. Kc5 {[%clk 00:45:25]} {[%emt
00:00:12]} f1=Q {[%clk 00:13:19]} {[%emt 00:00:08]} 85. Kd6 {[%clk 00:45:50]}
{[%emt 00:00:06]} Qa6+ {[%clk 00:13:27]} {[%emt 00:00:22]} 86. Kc5 {[%clk
00:46:04]} {[%emt 00:00:18]} Rc1+ {[%clk 00:13:48]} {[%emt 00:00:08]} 87. Kb4
{[%clk 00:46:13]} {[%emt 00:00:22]} Rc4+ {[%clk 00:14:09]} {[%emt 00:00:08]}
88. Kb3 {[%clk 00:46:32]} {[%emt 00:00:11]} Qa4+ {[%clk 00:14:36]} {[%emt
00:00:04]} 89. Kb2 {[%clk 00:46:54]} {[%emt 00:00:09]} Rc2+ {[%clk 00:14:54]}
{[%emt 00:00:10]} 90. Kb1 {[%clk 00:47:18]} {[%emt 00:00:06]} Qa2# {[%emt
00:00:17]} 0-1